01173nam a2200265 a 4500001001000000005001700010041000800027044000800035084002100043100004500064245007800109260007500187300001700262440002400279500014500303500014000448500001100588546002400599650005200623650005600675650003400731650004500765700004700810740005000857BRCA_339720190320204248.0 aeng aenk a686b.D468c19101 aCervantes Saavedra, Miguel ded1547-161610aThe History of Don Quixote de la ManchacBy Miguel de Cervantes Saavedra. aLondres : Nueva YorkbJ. M. Dent and Sons : E. P. Dutton and Co.c1910 a2 v.c18 cm. 0aEveryman´s Library aContenido : v.1. Primera parte. Introducción por J. Gibson Lockhart. Prólogo de Cervantes. -- v.2. Segunda parte. Prólogo de Cervantes aTraducción basada en la de Motteux, con la introducción de John Gibson Lockhart. Tela; lomos decorados con dorados Lúdovik Osterc aQM1150 aTexto en : inglés14aNovela españolayÉpoca clásica, 1500-170014aLiteratura españolayÉpoca clásica, 1500-170014aNovela españolaySiglo XVII14aDon Quijote (Personaje ficticio)eNovela1 aLockhart, John Gibsond1794-1854eAnotador0 aEl Ingenioso Hidalgo Don Quijote de la Mancha